
Library Catalogue

| 000 -LEADER | |
|---|---|
| fixed length control field | 03224cas a2200313 i 4500 |
| 001 - CONTROL NUMBER | |
| control field | 20975204 |
| 005 - DATE AND TIME OF LATEST TRANSACTION | |
| control field | 20260428064852.0 |
| 008 - FIXED-LENGTH DATA ELEMENTS--GENERAL INFORMATION | |
| fixed length control field | 190516c20179999nyugr | a0eng |
| 010 ## - LIBRARY OF CONGRESS CONTROL NUMBER | |
| LC control number | 2019202326 |
| Canceled/invalid LC control number | 2018299829 |
| 020 ## - INTERNATIONAL STANDARD BOOK NUMBER | |
| International Standard Book Number | 9798341725225 (paperback) |
| 035 ## - SYSTEM CONTROL NUMBER | |
| System control number | (OCoLC)1102637950 |
| 037 ## - SOURCE OF ACQUISITION | |
| Source of stock number/acquisition | LexisNexis, 230 Park Avenue, 7th Floor, New York, N.Y. 10169 |
| 040 ## - CATALOGING SOURCE | |
| Original cataloging agency | DLC |
| Language of cataloging | eng |
| Description conventions | rda |
| Transcribing agency | DLC |
| Modifying agency | DLC |
| -- | OCLCL |
| 042 ## - AUTHENTICATION CODE | |
| Authentication code | nsdp |
| -- | pcc |
| 082 10 - DEWEY DECIMAL CLASSIFICATION NUMBER | |
| Classification number | 343.0721 LEX |
| Edition number | 23 |
| 222 #0 - KEY TITLE | |
| Key title | Antitrust economics for lawyers |
| Qualifying information | (Print) |
| 245 00 - TITLE STATEMENT | |
| Title | Antitrust economics for lawyers. |
| 264 #1 - PRODUCTION, PUBLICATION, DISTRIBUTION, MANUFACTURE, AND COPYRIGHT NOTICE | |
| Place of production, publication, distribution, manufacture | New York, NY : |
| Name of producer, publisher, distributor, manufacturer | LexisNexis, |
| Date of production, publication, distribution, manufacture, or copyright notice | 2025. |
| 300 ## - PHYSICAL DESCRIPTION | |
| Extent | xii, 352 pages; |
| Dimensions | 24 cm. |
| 336 ## - CONTENT TYPE | |
| Content type term | text |
| Content type code | txt |
| Source | rdacontent |
| 365 ## - TRADE PRICE | |
| Price amount | Rs. 39941.00 |
| 490 0# - SERIES STATEMENT | |
| Series statement | LexisNexis Antitrust Law & Strategy Series |
| 505 ## - FORMATTED CONTENTS NOTE | |
| Formatted contents note | PART 1 MERGER ANALYSIS:<br/>CHAPTER 1 Market Definition and Multi-Product Firms in Merger Analysis -<br/>CHAPTER 2 Unilateral Effects of Horizontal Mergers -<br/>CHAPTER 3 Coordinated Effects in Merger Analysis -<br/>CHAPTER 4 Antitrust and Merger Enforcement in the AI Era -<br/>CHAPTER 5 The Economics of Monopsony -<br/>CHAPTER 6 Analyzing Merger Effects on Input Prices When Prices Are Negotiated -<br/>PART 2 MONOPOLY AND EXCLUSION:<br/>CHAPTER 7 Common Ownership -<br/>CHAPTER 8 Economics of Distribution and Franchising and Their Legal Implications -<br/>CHAPTER 9 Distinguishing Between Market Power and Monopoly Power in a Section 2 -<br/>CHAPTER 10 Bundling -<br/>CHAPTER 11 Contracts That Reference Rivals -<br/>CHAPTER 12 Antitrust and Standard Essential Patents -<br/>PART 3 DAMAGES:<br/>CHAPTER 13 Estimating Damages in Collusion Cases -<br/>CHAPTER 14 Class Certification -<br/>CHAPTER 15 Endogeneity Problems in Empirical Analyses of Antitrust and Competition -<br/>INDEX. <br/> |
| 520 ## - SUMMARY, ETC. | |
| Summary, etc. | Written for partners, attorneys and associates at law firms in antitrust practice.<br/>Antitrust economics is constantly evolving as a result of advances in economic analysis and research, and in response to developments in legal and regulatory proceedings. Antitrust law enforcement in turn generally reflects the main advances in antitrust economics. This book offers an accessible and clear exposition of the economics behind antitrust law, explaining several important developments in antitrust economics and discussing recent antitrust enforcement actions. Written by economic consultants and expert witnesses, the book discusses the economics of antitrust in a way that a lawyer, who may not have an economic background or degree, can understand. However, the text is not over-simplified, providing clearly explained formulae and equations. The book is broken down by merger analysis, monopoly and exclusion, and damages. The book stands alone in the field, of two competing texts, one is out of print, the other hasn’t been updated since a second edition in 2008. Antitrust Economics for Lawyers is MUCH more timely.<br/>The authors are highly qualified consultants and expert witnesses specializing in antitrust economic matters. |
| 710 2# - ADDED ENTRY--CORPORATE NAME | |
| Corporate name or jurisdiction name as entry element | LexisNexis (Firm) |
| 906 ## - LOCAL DATA ELEMENT F, LDF (RLIN) | |
| a | 7 |
| b | cbc |
| c | serorig |
| d | 2 |
| e | ncip |
| f | 20 |
| g | n-oclcserc |
| 942 ## - ADDED ENTRY ELEMENTS (KOHA) | |
| Source of classification or shelving scheme | Dewey Decimal Classification |
| Koha item type | BOOKs |
| Withdrawn status | Lost status | Source of classification or shelving scheme | Materials specified (bound volume or other part) | Damaged status | Not for loan | Home library | Current library | Shelving location | Date acquired | Source of acquisition | Cost, normal purchase price | Total Checkouts | Full call number | Barcode | Date last seen | Price effective from | Koha item type | Public note |
|---|---|---|---|---|---|---|---|---|---|---|---|---|---|---|---|---|---|---|
| Dewey Decimal Classification | PB | Not For Loan | . | . | REFERENCE SECTION | 28.04.2026 | Purchased - Satyam Books | 39941.00 | 343.0721 LEX | 40822 | 28.04.2026 | 28.04.2026 | BOOKs | Recommended by Prof. Dr. T S Somashekar |